Hát quan làng trong đám cưới của người Tày Khao Hà Giang Tập 2 Hát quan làng của người Tày Khao ở Vỵ Xuyên

Na minha lista:
Detalhes bibliográficos
Autor principal: Ma Ngọc Hướng
Formato: Livro
Idioma:Vietnamese
Publicado em: H. Đại học quốc gia Hà Nội 2011
Tags: Adicionar Tag
Sem tags, seja o primeiro a adicionar uma tag!
Thư viện lưu trữ: Mạng thư viện Đại học Đà Nẵng
LEADER 01082nam a2200277 4500
001 000016243
003 12641
005 20120727090709.0
008 120727s2011 viesd
041 0 |a vie 
082 |a 398.809597  |b MA-H 
100 0 |a Ma Ngọc Hướng 
245 1 0 |a Hát quan làng trong đám cưới của người Tày Khao Hà Giang  |c Ma Ngọc Hướng  |n Tập 2  |p Hát quan làng của người Tày Khao ở Vỵ Xuyên 
260 |a H.  |b Đại học quốc gia Hà Nội  |c 2011 
300 |a 360 tr. 
773 |t Hát quan làng trong đám cưới của người Tày Khao Hà Giang  |w 12637 
OWN |a LSP 
AVA |a UDN50  |b LSP  |d 398.809597 MA-H  |e available  |t Error 5001 Not defined in file expand_doc_bib_avail.  |f 1  |g 0  |h N  |i 0  |k 1 
999 |a From the UDN01 
AVA |a UDN50  |b LSP  |d 398.809597 MA-H  |e available  |t Error 5001 Not defined in file expand_doc_bib_avail.  |f 1  |g 0  |h N  |i 0  |k 1 
TYP |a Monograph 
TYP |a Printed language 
980 |a Mạng thư viện Đại học Đà Nẵng